|
|
|
|
| LEADER |
00000nab a2200000 a 4500 |
| 001 |
vtls008427498 |
| 003 |
SK-MaSNL |
| 005 |
20260303065957.0 |
| 008 |
160322c20060201xo drz 0 0slo |
| 038 |
|
|
|a KEVKJB
|
| 040 |
|
|
|a KEVKJB
|b slo
|c KEVKJB
|e AACR2
|
| 041 |
0 |
|
|a slo
|
| 044 |
|
|
|a xo
|c SK
|
| 080 |
|
|
|a 78.071.1
|2 UDC-MRF-SK2
|
| 080 |
|
|
|a 929 Geri, Rudolf
|2 UDC-MRF-SK2
|
| 100 |
1 |
|
|a Tomáschová, Andrea
|4 ivr
|4 aut
|9 878366
|
| 245 |
1 |
0 |
|a Rudo Geri túži napísať niečo špeciálne pre Košice
|b "skôr uloví človek v našich vodách delfína, ako by ma videl tancovať," smeje sa dirigent
|c Rudolf Geri, Andrea Tomáschová
|
| 300 |
|
|
|b Fotogr.
|
| 600 |
1 |
7 |
|a Geri, Rudolf,
|d 1956-
|2 kevkjb
|9 13807
|
| 651 |
|
7 |
|a Košice (Slovensko)
|2 kevkjb
|9 18694
|
| 700 |
1 |
|
|a Geri, Rudolf,
|d 1956-
|4 ive
|4 aut
|9 13807
|
| 773 |
0 |
|
|t Košický denník Korzár
|g Roč. IX, č. 26 (1.2.2006), s. 4
|x 1335-4566
|
| 852 |
|
|
|a KEVKJB
|b KIS3GCP
|
| 958 |
|
|
|a BX
|
| 999 |
|
|
|c 1753494
|d 1755424
|